000 00622 a2200169 4500
020 _a0471129461
020 _a9780471129462
082 0 4 _a515.353
090 _c760
_d760
100 1 _aGanzha, Victor G.
245 1 0 _aComputer-aided analysis of difference schemes for partial differential equations /
_cVictor G. Ganzha, E. V. Vorozhtsov.
260 _a[S.l.] :
_bWiley-Interscience,
_c1996.
300 _a458 p. ;
_c24 cm.
700 1 _aVorozhtsov, E. V.
942 _aSNS
_cBK
_k515.353 GAB
999 _c29386
_d29386